[Event "Frankfurt Ch 2011"]
[Site "Ffm-Kalbach, LAZ"]
[Date "2011.05.02"]
[Round "1.1"]
[White "Khenkin, Igor"]
[Black "Dörr, Tarik"]
[Result "1-0"]
[WhiteElo "2625"]
[BlackElo "1852"]
[PlyCount "33"]
[EventDate "2011.??.??"]
[WhiteTeam "Wiesbadener SV 1885"]
[BlackTeam "SC Einrich"]

1. d4 f5 2. g3 Nf6 3. Bg2 d5 4. Nh3 c6 5. Nd2 Nbd7 6. Nf3 Ne4 7. O-O Ndf6 8.
Ne5 Be6 9. f3 Nd6 10. e4 Bg8 11. exd5 Bxd5 12. Qe2 g6 13. c4 Bg8 14. Rd1 Qc7
15. c5 Nf7 16. Bf4 Nxe5 17. Bxe5 1-0

[Event "Frankfurt Ch 2011"]
[Site "Ffm-Kalbach, LAZ"]
[Date "2011.05.02"]
[Round "1.2"]
[White "Gutacker, Stephan"]
[Black "Milov, Leonid"]
[Result "0-1"]
[WhiteElo "1949"]
[BlackElo "2541"]
[PlyCount "42"]
[EventDate "2011.??.??"]
[WhiteTeam "Sfr.1932 Kelkheim"]
[BlackTeam "SC Noris-Tarrasch Nürnberg 1873"]

1. e4 c5 2. c3 d5 3. exd5 Qxd5 4. d4 Nf6 5. Nf3 Bg4 6. Be2 e6 7. O-O Nc6 8. h3
Bh5 9. Be3 cxd4 10. Nxd4 Bxe2 11. Qxe2 Be7 12. Nb5 Qe5 13. f4 Qb8 14. Nd4 O-O
15. Nd2 Nd5 16. N2b3 Nxd4 17. cxd4 Qd6 18. Rac1 Bf6 19. Nc5 Nxe3 20. Ne4 Qxd4
21. Nxf6+ gxf6 0-1

[Event "Frankfurt Ch 2011"]
[Site "Ffm-Kalbach, LAZ"]
[Date "2011.05.02"]
[Round "1.3"]
[White "Poetsch, Hagen"]
[Black "Krüger, Till"]
[Result "1-0"]
[WhiteElo "2415"]
[BlackElo "2063"]
[PlyCount "85"]
[EventDate "2011.??.??"]
[WhiteTeam "Sfr. Schöneck"]
[BlackTeam "SC Nidderau"]

1. e4 d6 2. d4 Nf6 3. Nc3 g6 4. f4 Bg7 5. Nf3 c5 6. Bb5+ Bd7 7. e5 Ng4 8. Bxd7+
Qxd7 9. d5 dxe5 10. h3 e4 11. Nxe4 Nf6 12. Nxf6+ Bxf6 13. O-O O-O 14. c4 Na6
15. Qb3 b5 16. Ne5 Qc7 17. cxb5 c4 18. Nxc4 Nc5 19. Qc2 Rfd8 20. Rd1 Rac8 21.
Be3 Nb7 22. Rac1 Nd6 23. b3 Nxb5 24. Qd3 Qb8 25. a4 Nc7 26. Qe4 Qxb3 27. Na5
Qa2 28. Rc2 Qa3 29. Bc5 Qg3 30. Rd3 Qh4 31. Bf2 Qh6 32. Nc6 Na6 33. Nxe7+ Bxe7
34. Qxe7 Qf8 35. Qf6 Qg7 36. Qxg7+ Kxg7 37. Rxc8 Rxc8 38. Bxa7 Kf6 39. Rb3 Ke7
40. Rb7+ Ke8 41. d6 Rc6 42. d7+ Ke7 43. Bb6 1-0

[Event "Frankfurt Ch 2011"]
[Site "Ffm-Kalbach, LAZ"]
[Date "2011.05.02"]
[Round "1.4"]
[White "Makilla, Tobias"]
[Black "Telljohann, Sven"]
[Result "0-1"]
[WhiteElo "1937"]
[BlackElo "2415"]
[PlyCount "78"]
[EventDate "2011.??.??"]
[WhiteTeam "Sfr.1932 Kelkheim"]
[BlackTeam "Sfr. Schöneck"]

1. e4 g6 2. d4 Bg7 3. c4 c5 4. d5 d6 5. f4 Nf6 6. Nc3 O-O 7. Nf3 Na6 8. Be2 Nc7
9. O-O a6 10. a4 Rb8 11. Rb1 Bg4 12. Qd3 b5 13. axb5 axb5 14. cxb5 Bd7 15. Bd2
Nxb5 16. Qc2 Nd4 17. Nxd4 cxd4 18. e5 dxc3 19. exf6 Qb6+ 20. Kh1 Bf5 21. Bd3
cxd2 22. fxg7 Rfc8 23. Qxd2 Qd4 24. Rfd1 Qxd3 25. Qxd3 Bxd3 26. Rxd3 Rxb2 27.
Re1 Rcc2 28. Rg3 Re2 29. Ra1 Rf2 30. h3 Kxg7 31. Re1 Kf6 32. Rge3 Rxg2 33. Rxe7
Rh2+ 34. Kg1 Rbg2+ 35. Kf1 Rd2 36. Kg1 Rxh3 37. Rd7 Rg3+ 38. Kh1 Rxd5 39. Ree7
Rh5# 0-1

[Event "Frankfurt Ch 2011"]
[Site "Ffm-Kalbach, LAZ"]
[Date "2011.05.02"]
[Round "1.5"]
[White "Margolin, Boris"]
[Black "Haftmann, Rainer"]
[Result "1-0"]
[WhiteElo "2440"]
[BlackElo "1920"]
[PlyCount "51"]
[EventDate "2011.??.??"]
[WhiteTeam "SV Oberursel"]
[BlackTeam "SG 1945 Dietzenbach"]

1. e4 e5 2. Nf3 Nc6 3. Nc3 d6 4. d4 exd4 5. Nxd4 Nxd4 6. Qxd4 Qf6 7. Qd3 c6 8.
g3 Bg4 9. Bg2 Qe6 10. h3 Bh5 11. g4 Bg6 12. f4 f5 13. gxf5 Bxf5 14. O-O Bg6 15.
f5 Qe5 16. Bf4 Qc5+ 17. Be3 Qa5 18. fxg6 hxg6 19. Rxf8+ Kxf8 20. Qxd6+ Ne7 21.
Rf1+ Ke8 22. Bc5 Qd8 23. Qe5 Rh5 24. Qxg7 Rxc5 25. Rf8+ Kd7 26. Rxd8+ 1-0

[Event "Frankfurt Ch 2011"]
[Site "Ffm-Kalbach, LAZ"]
[Date "2011.05.02"]
[Round "1.6"]
[White "Ostermeier, Thorsten"]
[Black "Zude, Erik"]
[Result "0-1"]
[WhiteElo "1936"]
[BlackElo "2409"]
[PlyCount "86"]
[EventDate "2011.??.??"]
[WhiteTeam "Sfr. Frankfurt 1921"]
[BlackTeam "SV 1920 Hofheim"]

1. d4 Nf6 2. Nf3 g6 3. c4 Bg7 4. Nc3 O-O 5. e4 d6 6. h3 e5 7. d5 a5 8. g4 Na6
9. Be3 c6 10. Be2 Bd7 11. Nd2 Be8 12. Nf1 cxd5 13. cxd5 b5 14. Ng3 b4 15. Nb1
Nc5 16. Bxc5 dxc5 17. Nd2 Bh6 18. Qc2 Bf4 19. O-O Bd7 20. Kg2 Ne8 21. Rad1 Qc7
22. Nb3 Ba4 23. Rde1 Bxb3 24. axb3 Nd6 25. Bd3 a4 26. bxa4 c4 27. b3 Rfc8 28.
bxc4 Nxc4 29. Rc1 Bxc1 30. Rxc1 b3 31. Qxc4 Qd8 32. Qxb3 Rxc1 33. Bb5 Qc7 34.
Qd3 Rc3 35. Qd1 Qd6 36. h4 Qf6 37. h5 Rd8 38. hxg6 hxg6 39. Qe2 Ra3 40. Nf1 Qf4
41. Ng3 Rd6 42. Qd1 Rf6 43. Qe2 Rf3 0-1

[Event "Frankfurt Ch 2011"]
[Site "Ffm-Kalbach, LAZ"]
[Date "2011.05.02"]
[Round "1.7"]
[White "Reschke, Stefan"]
[Black "Hilbenz, Guntram"]
[Result "1-0"]
[WhiteElo "2369"]
[BlackElo "1919"]
[PlyCount "81"]
[EventDate "2011.??.??"]
[WhiteTeam "VSG 1880 Offenbach"]
[BlackTeam "SC Bad Nauheim"]

1. Nf3 d6 2. c4 e5 3. Nc3 Nf6 4. d4 Nbd7 5. e4 Be7 6. Be2 O-O 7. O-O c6 8. Rb1
a6 9. a4 a5 10. b3 exd4 11. Nxd4 Nc5 12. Qc2 g6 13. Rd1 Qb6 14. h3 Re8 15. Bg5
Bd7 16. Bf3 Rad8 17. Ndb5 Nfxe4 18. Nxe4 Nxe4 19. Bxe7 Rxe7 20. Bxe4 cxb5 21.
axb5 Rxe4 22. Qxe4 Bf5 23. Qe7 Bxb1 24. c5 dxc5 25. Rxd8+ Kg7 26. Qe5+ Kh6 27.
Rg8 f6 28. Qe3+ g5 29. f4 Bg6 30. h4 gxf4 31. Qxf4+ Kh5 32. Kh2 Qe6 33. Rf8 Bf7
34. Rd8 Qe5 35. Qxe5+ fxe5 36. Rd7 Bxb3 37. b6 Kg4 38. Rxb7 Bd5 39. Re7 e4 40.
Rxh7 e3 41. Kg1 1-0

[Event "Frankfurt Ch 2011"]
[Site "Ffm-Kalbach, LAZ"]
[Date "2011.05.02"]
[Round "1.8"]
[White "Zimmer, Gerald"]
[Black "Voropaev, Gleb"]
[Result "1/2-1/2"]
[WhiteElo "1944"]
[BlackElo "2326"]
[PlyCount "107"]
[EventDate "2011.??.??"]
[WhiteTeam "SC Bergen-Enkheim 1922"]
[BlackTeam "SG Turm Idstein"]

1. d4 Nf6 2. Nf3 g6 3. c4 Bg7 4. Nc3 O-O 5. e4 d6 6. h3 e5 7. dxe5 dxe5 8. Qxd8
Rxd8 9. Bg5 c6 10. Be2 Nbd7 11. Rd1 Re8 12. O-O Nc5 13. Bd3 Nh5 14. Be3 Nxd3
15. Rxd3 Nf4 16. Rd2 f6 17. Rfd1 Be6 18. c5 Bf8 19. b3 Be7 20. Kf1 g5 21. Na4
Red8 22. Rxd8+ Rxd8 23. Rxd8+ Bxd8 24. Nb2 Be7 25. Nd2 Kf7 26. f3 Ke8 27. Ndc4
Kd7 28. Nd2 h5 29. Nb1 Bd8 30. Na4 Ba5 31. Nbc3 Bf7 32. Ne2 Kc7 33. Nxf4 gxf4
34. Bf2 Kd7 35. Ke2 Bg6 36. g4 fxg3 37. Bxg3 f5 38. Kd3 Ke6 39. Bf2 Bd8 40. h4
Kd7 41. Nb2 fxe4+ 42. fxe4 Bf7 43. Na4 Be6 44. Nb2 Bh3 45. Nc4 Bf1+ 46. Kc3 Ke6
47. Ne3 Be2 48. Nc4 Bc7 49. Be3 Bf1 50. Bf2 Bd8 51. Ne3 Be2 52. Nc4 Be7 53. Nd2
Bf8 54. Be3 1/2-1/2

[Event "Frankfurt Ch 2011"]
[Site "Ffm-Kalbach, LAZ"]
[Date "2011.05.02"]
[Round "1.9"]
[White "Wornath, Kai"]
[Black "Fröhlich-Dill, Astrid"]
[Result "1-0"]
[WhiteElo "2408"]
[BlackElo "1919"]
[PlyCount "81"]
[EventDate "2011.??.??"]
[WhiteTeam "TSV Schott Mainz"]
[BlackTeam "SV 1920 Hofheim"]

1. d4 Nf6 2. c4 e6 3. Nf3 b6 4. g3 Bb7 5. Bg2 d5 6. cxd5 Bxd5 7. Nc3 Bb7 8. O-O
Be7 9. Qa4+ c6 10. Ne5 O-O 11. Rd1 Nd5 12. Nxd5 cxd5 13. Bf4 f6 14. Nd3 Bc6 15.
Qb3 Qd7 16. a4 Bd6 17. a5 Bxf4 18. Nxf4 g5 19. Nd3 Na6 20. axb6 axb6 21. Rdc1
Bb5 22. Bh3 Bxd3 23. Qxd3 Nc7 24. Qe3 Kg7 25. f4 h6 26. Qb3 Qd6 27. e3 f5 28.
Bf1 Kf6 29. Qc3 Rxa1 30. Rxa1 Ra8 31. Rxa8 Nxa8 32. Qc8 Nc7 33. Qh8+ Kg6 34.
Qg8+ Kf6 35. Qh7 g4 36. h3 Qc6 37. hxg4 Qc1 38. g5+ hxg5 39. fxg5+ Kxg5 40.
Qg7+ Kh5 41. Kf2 1-0

[Event "Frankfurt Ch 2011"]
[Site "Ffm-Kalbach, LAZ"]
[Date "2011.05.02"]
[Round "1.10"]
[White "Ottenburg, Ralph"]
[Black "Schramm, Christian"]
[Result "0-1"]
[WhiteElo "1950"]
[BlackElo "2340"]
[PlyCount "60"]
[EventDate "2011.??.??"]
[WhiteTeam "Sfr. Frankfurt 1921"]
[BlackTeam "SC 1959 Obernau"]

1. d4 Nf6 2. c4 g6 3. g3 Bg7 4. Bg2 O-O 5. Nf3 d6 6. O-O Nbd7 7. Nc3 e5 8. e4
c6 9. h3 Qc7 10. Be3 exd4 11. Nxd4 Re8 12. Rc1 Nc5 13. Qc2 a5 14. Nb3 Ne6 15.
f4 a4 16. Nd4 Qa5 17. f5 Nc5 18. Qf2 Nd3 19. Qf3 Nxc1 20. fxg6 Nd3 21. gxf7+
Kxf7 22. c5 Kg8 23. Bg5 Ne5 24. Qe3 dxc5 25. Bxf6 cxd4 26. Qg5 Nf3+ 27. Rxf3
Qxg5 28. Bxg5 dxc3 29. bxc3 a3 30. Rd3 Be6 0-1

[Event "Frankfurt Ch 2011"]
[Site "Ffm-Kalbach, LAZ"]
[Date "2011.05.02"]
[Round "1.11"]
[White "Zuyev, Igor"]
[Black "Hillgärtner, Walter"]
[Result "1-0"]
[WhiteElo "2348"]
[BlackElo "1931"]
[PlyCount "67"]
[EventDate "2011.??.??"]
[WhiteTeam "SC Heusenstamm"]
[BlackTeam "SC Bad Nauheim"]

1. e4 e6 2. d4 d5 3. Nc3 Bb4 4. e5 Qd7 5. Qg4 f5 6. Qh5+ g6 7. Qf3 Nc6 8. Nge2
a6 9. Bf4 b6 10. a3 Bf8 11. O-O-O Bb7 12. Kb1 O-O-O 13. h4 h6 14. g4 Nge7 15.
Be3 Kb8 16. Nf4 Rc8 17. gxf5 gxf5 18. Rg1 Nd8 19. Nh5 Nec6 20. Nf6 Qf7 21. Qg3
Na5 22. Qg6 Nc4 23. Bxc4 dxc4 24. d5 Qxg6 25. Nd7+ Ka7 26. Rxg6 exd5 27. Nxd5
Nc6 28. Nxc7 Rxc7 29. Bxb6+ Ka8 30. Bxc7 Ne7 31. Re6 Bf3 32. Rf1 Nd5 33. Re8+
Kb7 34. Bd6 1-0

[Event "Frankfurt Ch 2011"]
[Site "Ffm-Kalbach, LAZ"]
[Date "2011.05.02"]
[Round "1.12"]
[White "Bötticher, Tim"]
[Black "Legde, Georg"]
[Result "0-1"]
[WhiteElo "2056"]
[BlackElo "2326"]
[PlyCount "58"]
[EventDate "2011.??.??"]
[WhiteTeam "Lübecker SV von 1873"]
[BlackTeam "SK 1858 Gießen"]

1. e4 c5 2. Nf3 d6 3. d4 cxd4 4. Nxd4 Nf6 5. Nc3 Nc6 6. Bg5 e6 7. f4 Be7 8. Qd2
O-O 9. O-O-O h6 10. Bxf6 Bxf6 11. Nb3 Qb6 12. g4 g5 13. h4 gxf4 14. Qxf4 Kg7
15. Kb1 Be5 16. Qd2 Bd7 17. Bd3 a5 18. a4 Rac8 19. g5 Ne7 20. Bb5 Rxc3 21. Bxd7
Rf3 22. Rdf1 Bf4 23. Qe2 Rxf1+ 24. Qxf1 hxg5 25. hxg5 Ng6 26. Rg1 Qe3 27. Qg2
Rh8 28. Nxa5 Rh2 29. Qg4 Ne5 0-1

[Event "Frankfurt Ch 2011"]
[Site "Ffm-Kalbach, LAZ"]
[Date "2011.05.02"]
[Round "1.13"]
[White "Gohil, Harry"]
[Black "Mager, Denis"]
[Result "1-0"]
[WhiteElo "2302"]
[BlackElo "1732"]
[PlyCount "69"]
[EventDate "2011.??.??"]
[WhiteTeam "TSV Schott Mainz"]
[BlackTeam "TuS Makkabi Ffm"]

1. d4 d5 2. Bf4 Nf6 3. e3 c6 4. c4 e6 5. Nc3 Bd6 6. Nf3 O-O 7. Bd3 Qc7 8. Qd2
Nbd7 9. O-O Bxf4 10. exf4 dxc4 11. Bxc4 Nd5 12. g3 N7f6 13. Rac1 Qd6 14. Bd3
Nxc3 15. Qxc3 Nd5 16. Qd2 Nf6 17. Qe2 Qd5 18. b3 b6 19. Bc4 Qh5 20. Ne5 Bb7 21.
Qxh5 Nxh5 22. Be2 Nf6 23. Bf3 Rfd8 24. Bxc6 Bxc6 25. Rxc6 Rxd4 26. Rc7 Nd5 27.
Rxf7 Rd2 28. a4 Rb2 29. Rc1 Rxb3 30. Rxa7 Re8 31. Rc6 Rb1+ 32. Kg2 Rb2 33. Rxe6
Rf8 34. Rd6 Ne3+ 35. Kf3 1-0

[Event "Frankfurt Ch 2011"]
[Site "Ffm-Kalbach, LAZ"]
[Date "2011.05.02"]
[Round "1.14"]
[White "Frank, Andreas"]
[Black "Isserman, Ryhor"]
[Result "0-1"]
[WhiteElo "1833"]
[BlackElo "2307"]
[PlyCount "146"]
[EventDate "2011.??.??"]
[WhiteTeam "Biebertaler SF"]
[BlackTeam "SK Bad Homburg 1927"]

1. g3 e5 2. Bg2 Nf6 3. d3 d5 4. Nd2 Bc5 5. e3 O-O 6. a3 a5 7. Ne2 Bg4 8. h3 Bh5
9. g4 Bg6 10. Ng3 Nc6 11. h4 h5 12. gxh5 Bh7 13. Nf3 Qe7 14. Ng5 Rad8 15. Bd2
Rfe8 16. Bh3 Kh8 17. Nxh7 Nxh7 18. Nf5 Qf6 19. Qg4 e4 20. d4 Bb6 21. Rg1 Rg8
22. O-O-O Ne7 23. c4 c6 24. Ng3 Bc7 25. Rdf1 g5 26. hxg5 Rxg5 27. Qe2 Rdg8 28.
Be1 Qf3 29. Qxf3 exf3 30. c5 Nf6 31. Rh1 a4 32. Kc2 Ne4 33. Nxe4 dxe4 34. Bd7
Nd5 35. Rh4 Rg1 36. Rh1 R1g2 37. Kc1 Nf6 38. Bh3 Ng4 39. Bxg4 R8xg4 40. Kc2 Kh7
41. b3 axb3+ 42. Kxb3 Bh2 43. Kc4 Rg5 44. Ba5 Kh6 45. Be1 Rxh5 46. Kb4 Kg6 47.
Kc4 Rd5 48. Ba5 f5 49. Bd2 Kf7 50. Kb4 Ke6 51. Ka5 Rd7 52. Kb4 Kd5 53. Kc3 Rdg7
54. a4 R7g5 55. Kb4 Rh5 56. Kc3 Rh4 57. Rb1 Rh7 58. Be1 Rg1 59. Bd2 Rxb1 60.
Rxb1 Rg7 61. Rh1 Rg2 62. Be1 Ke6 63. Kc4 Bg1 64. Rh6+ Kf7 65. Rh7+ Kg6 66. Rxb7
Bxf2 67. Bxf2 Rxf2 68. Rb1 f4 69. exf4 e3 70. Kd3 e2 71. Kd2 Rf1 72. Re1 Kf5
73. a5 Ke4 0-1

[Event "Frankfurt Ch 2011"]
[Site "Ffm-Kalbach, LAZ"]
[Date "2011.05.02"]
[Round "1.15"]
[White "Haasler, Andreas"]
[Black "Neumann, Manfred"]
[Result "1-0"]
[WhiteElo "2234"]
[BlackElo "1768"]
[PlyCount "57"]
[EventDate "2011.??.??"]
[WhiteTeam "Sfr.Heidesheim"]
[BlackTeam "SC 1961 König Nied"]

1. e4 c5 2. Nf3 e6 3. d3 Nc6 4. g3 Nf6 5. Bg2 d5 6. Nbd2 Bd6 7. O-O O-O 8. Re1
Bc7 9. c3 Nd7 10. Nb3 b6 11. exd5 exd5 12. d4 c4 13. Nbd2 Re8 14. Ng5 Rxe1+ 15.
Qxe1 Nf6 16. Nxc4 h6 17. Ne5 Nxe5 18. dxe5 Ng4 19. Nf3 Qe7 20. h3 Nxe5 21. Nxe5
Bxe5 22. Bf4 Bxh3 23. Bxh3 f6 24. Rd1 Rd8 25. Bg2 Qe6 26. c4 Qg4 27. Rxd5 Rc8
28. Bxe5 fxe5 29. Rxe5 1-0

[Event "Frankfurt Ch 2011"]
[Site "Ffm-Kalbach, LAZ"]
[Date "2011.05.02"]
[Round "1.16"]
[White "Genis, Roy"]
[Black "Stockmann, Michael"]
[Result "0-1"]
[WhiteElo "1935"]
[BlackElo "2255"]
[PlyCount "112"]
[EventDate "2011.??.??"]
[WhiteTeam "Sfr. Frankfurt 1921"]
[BlackTeam "Sfr. Schöneck"]

1. e4 c6 2. d4 d5 3. e5 Bf5 4. Nf3 e6 5. Be2 c5 6. O-O Nc6 7. c3 Qb6 8. dxc5
Bxc5 9. b4 Be7 10. Qa4 f6 11. Be3 Qc7 12. b5 Qa5 13. Qxa5 Nxa5 14. Nbd2 Nh6 15.
c4 Ng4 16. Bd4 Bb4 17. exf6 Nxf6 18. a3 Be7 19. c5 Ne4 20. Nxe4 dxe4 21. Nd2
Bf6 22. Bxf6 gxf6 23. Rac1 Ke7 24. Rc3 Rhd8 25. Nc4 Nxc4 26. Bxc4 Rac8 27. Bb3
Rd3 28. Rfc1 Rcd8 29. Kf1 e3 30. fxe3 Rxc3 31. Rxc3 Bd3+ 32. Ke1 Bxb5 33. Bc4
Bc6 34. g3 Rg8 35. Bd3 h6 36. Rc4 Rg5 37. a4 a5 38. Kd2 Rh5 39. h4 Rd5 40. Ke2
Rd8 41. Rg4 f5 42. Rc4 Rg8 43. Kf2 Kf6 44. e4 fxe4 45. Bxe4 Rg4 46. Bd3 Rxc4
47. Bxc4 Bxa4 48. Kf3 Bc6+ 49. Ke3 a4 50. g4 e5 51. Ba2 Bd7 52. Kf3 a3 53. Bd5
Bc6 54. Ke4 a2 55. g5+ hxg5 56. hxg5+ Kxg5 0-1

[Event "Frankfurt Ch 2011"]
[Site "Ffm-Kalbach, LAZ"]
[Date "2011.05.02"]
[Round "1.17"]
[White "Uwira, Oliver"]
[Black "Nagel, Norbert"]
[Result "1-0"]
[WhiteElo "2244"]
[BlackElo "1758"]
[PlyCount "37"]
[EventDate "2011.??.??"]
[WhiteTeam "SC 1961 König Nied"]
[BlackTeam "SC Bad Nauheim"]

1. d4 Nf6 2. c4 g6 3. Nc3 Bg7 4. e4 O-O 5. f4 d6 6. Nf3 c5 7. d5 e6 8. Be2 Re8
9. dxe6 Bxe6 10. O-O Qb6 11. Kh1 Na6 12. a3 Rad8 13. f5 Bd7 14. Ng5 Bc6 15.
fxg6 fxg6 16. Rxf6 Bxf6 17. Nd5 Bxd5 18. Qxd5+ Kh8 19. Nf7+ 1-0

[Event "Frankfurt Ch 2011"]
[Site "Ffm-Kalbach, LAZ"]
[Date "2011.05.02"]
[Round "1.18"]
[White "Kraus, Eduard"]
[Black "Röschlau, Bernd"]
[Result "0-1"]
[WhiteElo "1893"]
[BlackElo "2226"]
[PlyCount "42"]
[EventDate "2011.??.??"]
[WhiteTeam "SV Bergwinkel"]
[BlackTeam "SC Brett vor'm Kopp Ffm"]

1. d4 d5 2. Nf3 Nc6 3. c4 Bg4 4. Nc3 Bxf3 5. gxf3 e5 6. cxd5 exd4 7. dxc6 dxc3
8. Qa4 b5 9. Qxb5 Bd6 10. bxc3 Qf6 11. Bd2 Ne7 12. Bh3 O-O 13. Bd7 h6 14. Rc1
Rab8 15. Qc4 Rb2 16. Be3 Ng6 17. Bd4 Qg5 18. Be3 Bf4 19. Qd3 Bxe3 20. Qxe3 Nf4
21. Kd1 Qb5 0-1

[Event "Frankfurt Ch 2011"]
[Site "Ffm-Kalbach, LAZ"]
[Date "2011.05.02"]
[Round "1.19"]
[White "Kayser, Felix"]
[Black "Klein, Markus"]
[Result "1-0"]
[WhiteElo "2190"]
[BlackElo "1874"]
[PlyCount "75"]
[EventDate "2011.??.??"]
[WhiteTeam "BSG Rheinpark"]
[BlackTeam "SC 1979 Hattersheim"]

1. e4 d5 2. exd5 Qxd5 3. Nc3 Qa5 4. Bc4 Nf6 5. d3 c6 6. Nge2 Bf5 7. b4 Qc7 8.
O-O Nbd7 9. Ng3 Bg6 10. f4 h6 11. f5 Bh7 12. Rb1 g5 13. d4 Nb6 14. Bb3 Bg7 15.
Nce4 Nbd7 16. h4 Nxe4 17. Nxe4 Bg8 18. c3 O-O-O 19. Qe2 e5 20. f6 Bf8 21. d5
cxd5 22. Bxd5 Nb6 23. Bb3 Bh7 24. Be3 Kb8 25. Bf2 Qc6 26. Rbe1 Nd7 27. Bg3 Bxe4
28. Qxe4 Qxe4 29. Rxe4 Bd6 30. a3 Rhf8 31. c4 Bc7 32. c5 Rde8 33. Kh2 Bd8 34.
Ba4 Kc7 35. Kh3 Re6 36. Rd1 Nxf6 37. Rxe5 Rfe8 38. Rxe6+ 1-0

[Event "Frankfurt Ch 2011"]
[Site "Ffm-Kalbach, LAZ"]
[Date "2011.05.02"]
[Round "1.20"]
[White "Zepuntke, Thomas"]
[Black "Schwenkreis, Thomas"]
[Result "1-0"]
[WhiteElo "1745"]
[BlackElo "2130"]
[PlyCount "71"]
[EventDate "2011.??.??"]
[WhiteTeam "vereinslos"]
[BlackTeam "SC Brett vor'm Kopp Ffm"]

1. d4 Nf6 2. Nf3 d6 3. Nc3 Nbd7 4. e4 e5 5. dxe5 dxe5 6. Bg5 Bb4 7. Bc4 Bxc3+
8. bxc3 Qe7 9. O-O O-O 10. Qe2 Qc5 11. Be3 Qa5 12. Ng5 Nb6 13. Bxb6 Qxb6 14.
Bxf7+ Rxf7 15. Qc4 Bg4 16. Qxf7+ Kh8 17. Qc4 h6 18. Rab1 Qa5 19. Nf7+ Kh7 20.
Rxb7 Rc8 21. f3 Bd7 22. Qb4 Qxa2 23. Nxe5 Be8 24. Qb3 Qa6 25. Rb1 Qd6 26. Nd3
Nd7 27. Rxa7 Qe7 28. Qc4 Bf7 29. Qd4 Nf8 30. Qc5 Qd8 31. Nf4 Kg8 32. Nd5 Ne6
33. Qe7 Rb8 34. Qxd8+ Rxd8 35. Nxc7 Nf4 36. Ra8 1-0

[Event "Frankfurt Ch 2011"]
[Site "Ffm-Kalbach, LAZ"]
[Date "2011.05.02"]
[Round "1.21"]
[White "Minor, Samuel"]
[Black "Larem, Peter"]
[Result "1-0"]
[WhiteElo "2175"]
[BlackElo "1919"]
[PlyCount "57"]
[EventDate "2011.??.??"]
[WhiteTeam "Wiesbadener SV 1885"]
[BlackTeam "SG Rödermark/Eppertshausen"]

1. e4 e5 2. Nf3 Nf6 3. Nxe5 d6 4. Nf3 Nxe4 5. Nc3 Nxc3 6. dxc3 Be7 7. Bf4 O-O
8. Qd2 Nd7 9. O-O-O Nc5 10. Be3 Bg4 11. Be2 Bf6 12. h3 Be6 13. Kb1 Qe7 14. g4
Ne4 15. Qe1 a5 16. Nd4 a4 17. a3 Rfe8 18. Qg1 d5 19. f3 Nxc3+ 20. bxc3 Qxa3 21.
Nb5 Qe7 22. g5 Bxc3 23. Bc5 a3 24. Nxc3 Qd7 25. Bb5 c6 26. Bd3 b5 27. Bb4 d4
28. Ne4 Qd5 29. Nf6+ 1-0

[Event "Frankfurt Ch 2011"]
[Site "Ffm-Kalbach, LAZ"]
[Date "2011.05.02"]
[Round "1.22"]
[White "Rehn, Hans Peter"]
[Black "Schaack, Harry"]
[Result "0-1"]
[WhiteElo "1921"]
[BlackElo "2211"]
[PlyCount "80"]
[EventDate "2011.??.??"]
[WhiteTeam "SK Gründau"]
[BlackTeam "Sfr. Schöneck"]

1. d4 Nf6 2. c4 g6 3. Nc3 Bg7 4. e4 d6 5. f3 O-O 6. Be3 c5 7. Nge2 Nc6 8. Qd2
Qa5 9. Rd1 b6 10. Bh6 cxd4 11. Nxd4 Nxd4 12. Bxg7 Nxf3+ 13. gxf3 Kxg7 14. h4
Be6 15. Rh2 Rac8 16. b3 a6 17. Nd5 Qxd2+ 18. Kxd2 Bxd5 19. cxd5 Nh5 20. Rc1
Rxc1 21. Kxc1 a5 22. Rc2 f5 23. Rc7 fxe4 24. Rxe7+ Kh6 25. Re6 Ng3 26. Bc4 exf3
27. Rxd6 f2 28. Kc2 f1=Q 29. Bxf1 Nxf1 30. Kd3 Kh5 31. Rxb6 Kxh4 32. Rb7 h5 33.
Rg7 Rd8 34. Rxg6 Rxd5+ 35. Kc4 Ne3+ 36. Kc3 Ng4 37. b4 axb4+ 38. Kxb4 Kg3 39.
Rc6 h4 40. Rc3+ Kg2 0-1

[Event "Frankfurt Ch 2011"]
[Site "Ffm-Kalbach, LAZ"]
[Date "2011.05.02"]
[Round "1.23"]
[White "Henrich, Thomas"]
[Black "Plattner, Rolf"]
[Result "1-0"]
[WhiteElo "2224"]
[BlackElo "1919"]
[PlyCount "75"]
[EventDate "2011.??.??"]
[WhiteTeam "SK 1858 Gießen"]
[BlackTeam "SK Langen"]

1. e4 e6 2. d4 d5 3. Nd2 dxe4 4. Nxe4 Nf6 5. Nxf6+ Qxf6 6. Nf3 Qd8 7. Bd3 Be7
8. Bf4 Nc6 9. c3 h6 10. Qe2 O-O 11. O-O-O Re8 12. g4 Bf8 13. h4 g6 14. Qe3 Qd5
15. Kb1 e5 16. Nxe5 Nxe5 17. dxe5 Bxg4 18. Rde1 h5 19. Bc2 Qc5 20. Qg3 Qc6 21.
Be4 Qe6 22. Qd3 Rad8 23. Qc2 Qa6 24. Rhg1 Bg7 25. f3 Be6 26. b3 Bd5 27. Bxg6
fxg6 28. Rxg6 Re6 29. Rg3 Rd7 30. c4 Bxc4 31. Qxc4 Qxc4 32. bxc4 Kf7 33. Re4
Bf8 34. Rg5 Ba3 35. Rxh5 Rb6+ 36. Kc2 Rb2+ 37. Kc3 Rd1 38. e6+ 1-0

[Event "Frankfurt Ch 2011"]
[Site "Ffm-Kalbach, LAZ"]
[Date "2011.05.02"]
[Round "1.24"]
[White "Meiser, Nicolas"]
[Black "Chandler, Patrick"]
[Result "0-1"]
[WhiteElo "1725"]
[BlackElo "2220"]
[PlyCount "62"]
[EventDate "2011.??.??"]
[WhiteTeam "SV Lahn Limburg"]
[BlackTeam "Sfr. Neuberg"]

1. d4 Nf6 2. Nf3 b6 3. e3 Bb7 4. Bd3 d6 5. c3 Nbd7 6. Nbd2 e5 7. Qc2 g6 8. b3
Qe7 9. dxe5 dxe5 10. Ne4 Nd5 11. Be2 f5 12. Ned2 e4 13. Nd4 c5 14. Nb5 a6 15.
Na3 Bg7 16. Bb2 O-O 17. Rd1 b5 18. Nab1 Ne5 19. a3 f4 20. c4 Nd3+ 21. Bxd3 exd3
22. Qxd3 Nxe3 23. fxe3 fxe3 24. Nf1 Bxb2 25. Qxe3 Rxf1+ 26. Ke2 Qxe3+ 27. Kxe3
Re8+ 28. Kd2 Rf2+ 29. Kd3 Be4+ 30. Ke3 Rxg2 31. Kf4 g5+ 0-1

[Event "Frankfurt Ch 2011"]
[Site "Ffm-Kalbach, LAZ"]
[Date "2011.05.02"]
[Round "1.25"]
[White "Meyer, Kai-Christian"]
[Black "Budde, Michael"]
[Result "1-0"]
[WhiteElo "2170"]
[BlackElo "1718"]
[PlyCount "75"]
[EventDate "2011.??.??"]
[WhiteTeam "Sfr. Schöneck"]
[BlackTeam "SC 1979 Hattersheim"]

1. d4 d5 2. Nf3 Nf6 3. g3 c5 4. Bg2 Nc6 5. O-O e6 6. b3 Be7 7. Bb2 O-O 8. Nbd2
Re8 9. c4 cxd4 10. Nxd4 Bc5 11. Nb5 d4 12. Ne4 Nxe4 13. Bxe4 e5 14. Ba3 Bxa3
15. Nxa3 f5 16. Bd5+ Be6 17. e4 dxe3 18. fxe3 Qg5 19. Qf3 g6 20. Nb5 e4 21. Qf4
Qxf4 22. gxf4 Bxd5 23. cxd5 Nb4 24. Nc7 Nc2 25. Rac1 Nxe3 26. Nxa8 Rxa8 27. d6
Rd8 28. Rfe1 Nd5 29. Red1 Nxf4 30. Rc7 Nd3 31. d7 Kf7 32. Rxb7 a5 33. Ra7 f4
34. Rxa5 Rxd7 35. Ra4 e3 36. Rxf4+ Kg7 37. Re4 e2 38. Rxe2 1-0

[Event "Frankfurt Ch 2011"]
[Site "Ffm-Kalbach, LAZ"]
[Date "2011.05.02"]
[Round "1.26"]
[White "Midanka, Vladimir"]
[Black "Koch, Markus"]
[Result "0-1"]
[WhiteElo "1712"]
[BlackElo "2111"]
[PlyCount "68"]
[EventDate "2011.??.??"]
[WhiteTeam "vereinslos"]
[BlackTeam "SC Brett vor'm Kopp Ffm"]

1. d4 Nf6 2. Nf3 e6 3. Bg5 c5 4. c3 cxd4 5. Qxd4 Nc6 6. Qh4 Qb6 7. b3 Be7 8.
Bd2 d5 9. e3 Bd7 10. Nd4 e5 11. Nxc6 bxc6 12. Qg5 Qc7 13. Qg3 O-O 14. Bd3 Bd6
15. Qh4 c5 16. Bc2 e4 17. f4 Rfe8 18. O-O d4 19. c4 Rab8 20. Bd1 h6 21. g4 Nh7
22. Rf2 Be7 23. Qh5 dxe3 24. Bxe3 Bf6 25. g5 Bxa1 26. g6 fxg6 27. Qxg6 Bd4 28.
Qg3 Bc6 29. Na3 Rbd8 30. Be2 Qa5 31. Bh5 Qe1+ 32. Kg2 Qxe3 33. Bxe8 Qxg3+ 34.
hxg3 Rxe8 0-1